[Event "III Open A"]
[Site "Genova ITA"]
[Date "1999.08.15"]
[Round "10"]
[White "Neiman, Emmanuel"]
[Black "Vujovic, Milorad"]
[Result "1-0"]
[WhiteElo "2353"]
[BlackElo "2258"]
[PlyCount "93"]
[EventDate "1999.08.09"]

1.d4 Nf6 2.c4 e6 3.Nc3 Bb4 4.e3 c5 5.Ne2 b6 6.a3 Ba5 7.Bd2 Nc6 8.d5 exd5 
9.cxd5 Ne5 10.Ng3 Bxc3 11.Bxc3 d6 12.Be2 O-O 13.O-O Re8 14.f3 Bd7 15.Qd2 
b5 16.b4 Qb6 17.Kh1 Rac8 18.e4 Qd8 19.bxc5 dxc5 20.f4 Nc4 21.Bxc4 bxc4 22.
Rae1 Ng4 23.Rf3 Rb8 24.h3 Qh4 25.Kg1 Nh6 26.f5 f6 27.Qf2 Nf7 28.Rf4 Qh6 
29.Nf1 Ne5 30.Rh4 Qg5 31.Re3 Nd3 32.Rxd3 cxd3 33.Bd2 Rb2 34.Rg4 Qh5 35.
Qxc5 Qf7 36.Qc3 Rbb8 37.Bh6 g6 38.Nd2 Qe7 39.Qxd3 Qc5+ 40.Kh2 Kf7 41.Bf4 
Rbc8 42.Qg3 g5 43.Bxg5 fxg5 44.Rxg5 Qf8 45.f6 Bf5 46.Rg7+ Kxf6 47.e5+ 1-0

[Event "III Open A"]
[Site "Genova ITA"]
[Date "1999.08.15"]
[Round "10"]
[White "Orsenigo, Davide"]
[Black "Paganetto, Ivano"]
[Result "0-1"]
[WhiteElo "1500"]
[BlackElo "1723"]
[PlyCount "46"]
[EventDate "1999.08.09"]

1.e4 e5 2.Nf3 Nc6 3.d4 exd4 4.Bc4 Nf6 5.e5 d5 6.Bb5 Ne4 7.Nxd4 Bd7 8.Nxc6 
bxc6 9.Ba4 Bc5 10.O-O Bxf2+ 11.Rxf2 Nxf2 12.Kxf2 Qh4+ 13.Kg1 Qxa4 14.Nc3 
Qg4 15.Qe1 O-O 16.Qf2 f6 17.e6 Bxe6 18.Bf4 Qf5 19.Qd2 Rfe8 20.Bxc7 Bf7 21.
Rf1 Qe6 22.Bf4 Bg6 23.Na4 Qe2 0-1

[Event "III Open A"]
[Site "Genova ITA"]
[Date "1999.08.15"]
[Round "10"]
[White "Satta, Vladimiro"]
[Black "Godena, Michele"]
[Result "1/2-1/2"]
[WhiteElo "2212"]
[BlackElo "2490"]
[PlyCount "78"]
[EventDate "1999.08.09"]

1.c4 e5 2.g3 Nc6 3.Bg2 g6 4.Nc3 Bg7 5.Rb1 Nf6 6.d3 h6 7.e3 O-O 8.Nge2 Ne7 
9.Qb3 c6 10.e4 d6 11.O-O Kh7 12.h3 a6 13.a4 b5 14.axb5 axb5 15.cxb5 Be6 
16.Qc2 cxb5 17.Nxb5 Qd7 18.Na3 Rac8 19.Nc4 d5 20.exd5 Bxh3 21.Nc3 Bxg2 22.
Kxg2 Nfxd5 23.Qe2 Rfd8 24.Ne4 f5 25.Ned2 Qb7 26.Kg1 Nc6 27.Nf3 Nc3 28.bxc3
Qxb1 29.Nfxe5 Nxe5 30.Nxe5 Qb5 31.Nc4 Rc7 32.Bf4 Rcd7 33.Be5 Bxe5 34.Qxe5 
Qd5 35.Rd1 Qxe5 36.Nxe5 Rd5 37.f4 g5 38.d4 Ra8 39.Rb1 gxf4 1/2-1/2

[Event "III Open A"]
[Site "Genova ITA"]
[Date "1999.08.16"]
[Round "11"]
[White "Bancod, Ronald"]
[Black "Laubsch, Bernd"]
[Result "1-0"]
[WhiteElo "2388"]
[BlackElo "2184"]
[PlyCount "117"]
[EventDate "1999.08.09"]

1.e4 c5 2.Nf3 e6 3.Qe2 Nc6 4.g3 d5 5.exd5 Qxd5 6.Nc3 Qd8 7.Bg2 Nf6 8.O-O 
a6 9.d3 Qc7 10.Re1 Bd7 11.a3 Rc8 12.Be3 Be7 13.Ne4 Nxe4 14.dxe4 e5 15.c3 
O-O 16.b4 Be6 17.Rec1 Rfd8 18.Ng5 Bxg5 19.Bxg5 f6 20.Be3 cxb4 21.axb4 Nb8 
22.h4 Nd7 23.Ra5 Nb6 24.Rc5 Qd6 25.c4 Qd3 26.Bf1 Qxe2 27.Bxe2 Kf7 28.f4 
Rxc5 29.Bxc5 Nc8 30.f5 Bd7 31.Rd1 b6 32.Be3 Ke7 33.c5 Bc6 34.Ra1 Bxe4 35.
cxb6 Nd6 36.Bc5 Ke8 37.Rxa6 Nb7 38.Ra7 g6 39.fxg6 hxg6 40.g4 Kf7 41.Kf2 
Ke6 42.h5 gxh5 43.gxh5 f5 44.Ba6 Rd7 45.h6 Kf6 46.Bf8 Kg6 47.Bg7 Re7 48.
Ra8 Nc5 49.bxc5 Bxa8 50.Bb5 e4 51.Ke3 Kh7 52.c6 f4+ 53.Kxf4 e3 54.Bd3+ Kg8
55.c7 Bb7 56.Be5 Bc8 57.h7+ Rxh7 58.Bxh7+ Kxh7 59.Bc3 1-0

[Event "III Open A"]
[Site "Genova ITA"]
[Date "1999.08.16"]
[Round "11"]
[White "Bavosi, Mariano"]
[Black "Orsenigo, Davide"]
[Result "1-0"]
[WhiteElo "1369"]
[BlackElo "1500"]
[PlyCount "57"]
[EventDate "1999.08.09"]

1.c4 Nf6 2.Nc3 Nc6 3.Nf3 e5 4.e4 Bc5 5.h3 d6 6.d3 Be6 7.a3 a5 8.Bg5 h6 9.
Bh4 O-O 10.Nd5 Bxd5 11.cxd5 Nd4 12.Nxd4 Bxd4 13.Rb1 Qc8 14.Bxf6 gxf6 15.
Qh5 Kh7 16.Be2 f5 17.Bg4 Qd8 18.Bxf5+ Kg7 19.h4 Ra6 20.g4 Rh8 21.Rg1 Qf6 
22.g5 hxg5 23.Rxg5+ Kf8 24.Qg4 Rb6 25.Rc1 Qe7 26.Bh7 Qf6 27.Rg8+ Rxg8 28.
Qxg8+ Ke7 29.Rxc7# 1-0

[Event "III Open A"]
[Site "Genova ITA"]
[Date "1999.08.16"]
[Round "11"]
[White "Bogza, Adina-Maria"]
[Black "Drei, Andrea"]
[Result "0-1"]
[WhiteElo "2210"]
[BlackElo "2349"]
[PlyCount "98"]
[EventDate "1999.08.09"]

1.d4 Nf6 2.Nf3 e6 3.Bg5 h6 4.Bxf6 Qxf6 5.e4 d6 6.Be2 Nd7 7.Nc3 a6 8.O-O b5
9.a4 b4 10.Na2 c5 11.c3 bxc3 12.bxc3 Be7 13.Rb1 O-O 14.Re1 Ra7 15.Nc1 Rc7 
16.Qd2 cxd4 17.cxd4 e5 18.Nb3 exd4 19.Qxd4 Ne5 20.Rec1 Rxc1+ 21.Rxc1 Be6 
22.Nfd2 Rb8 23.Qe3 Rb4 24.a5 Qh4 25.f4 Ng4 26.Bxg4 Qxg4 27.h3 Qh4 28.Nd4 
Bd7 29.Kh2 g5 30.f5 g4 31.Qc3 Rb8 32.Ne2 Bf6 33.Qg3 Rb2 34.Qxd6 gxh3 35.
Nf3 Qf2 36.Qg3+ Qxg3+ 37.Nxg3 hxg2 38.Rg1 Rb3 39.Rxg2 Kh8 40.Nh5 Bc3 41.e5
Bc6 42.Nf6 Rb8 43.Rf2 Bxf3 44.Nd7 Rb2 45.Rxb2 Bxb2 46.e6 fxe6 47.fxe6 Kg7 
48.Nc5 Be5+ 49.Kh3 Bd6 0-1

[Event "III Open A"]
[Site "Genova ITA"]
[Date "1999.08.16"]
[Round "11"]
[White "Capece, Adolivio"]
[Black "Guglielmone, Luciano"]
[Result "0-1"]
[WhiteElo "2051"]
[BlackElo "1744"]
[PlyCount "52"]
[EventDate "1999.08.09"]

1.c4 e6 2.Nc3 f5 3.g3 Nf6 4.Bg2 Be7 5.d3 O-O 6.Bf4 d6 7.b4 e5 8.Bd2 Nc6 9.
b5 Nd4 10.e3 Ne6 11.Qc2 f4 12.Nf3 fxe3 13.fxe3 Qe8 14.d4 Qh5 15.Nd5 Bd8 
16.dxe5 Nxd5 17.cxd5 Nc5 18.exd6 cxd6 19.Nd4 Bb6 20.a4 Bf5 21.Nxf5 Rxf5 
22.a5 Raf8 23.axb6 Rf2 24.Bf1 Qf3 25.Qc4 Qxh1 26.O-O-O Rxf1 0-1

[Event "III Open A"]
[Site "Genova ITA"]
[Date "1999.08.16"]
[Round "11"]
[White "Corti, Corrado"]
[Black "Lettich, Sergio"]
[Result "1-0"]
[WhiteElo "1747"]
[BlackElo "2182"]
[PlyCount "62"]
[EventDate "1999.08.09"]

1.e4 c5 2.Nf3 d6 3.d4 cxd4 4.Nxd4 Nf6 5.Nc3 a6 6.Bg5 e6 7.Qd2 Be7 8.f4 Qc7
9.O-O-O Nbd7 10.Be2 b5 11.Bf3 Bb7 12.Rhe1 O-O 13.e5 dxe5 14.fxe5 Nxe5 15.
Rxe5 Qxe5 16.Bxb7 Rad8 17.Nc6 Rxd2 18.Nxe5 Rxd1+ 19.Nxd1 h6 20.Be3 a5 21.
Nc6 Bd6 22.h3 a4 23.Nc3 a3 24.Nxb5 axb2+ 25.Kxb2 Nd5 26.Bf2 Bf4 27.Bc5 Re8
28.Nd6 Bxd6 29.Bxd6 f6 30.a4 Nb6 31.Kb3 Nc8 1-0

[Event "III Open A"]
[Site "Genova ITA"]
[Date "1999.08.16"]
[Round "11"]
[White "Godena, Michele"]
[Black "Mazet, Julien"]
[Result "1-0"]
[WhiteElo "2490"]
[BlackElo "2162"]
[PlyCount "81"]
[EventDate "1999.08.09"]

1.e4 c5 2.Nf3 d6 3.Bc4 e6 4.O-O Nf6 5.d3 Be7 6.Bb3 O-O 7.c3 b5 8.Re1 Bb7 
9.Nbd2 Nbd7 10.Bc2 Qc7 11.Nf1 Rac8 12.Ng3 Rfe8 13.Bd2 Bf8 14.Rc1 g6 15.d4 
e5 16.d5 c4 17.h3 Rb8 18.Be3 Nc5 19.Qd2 Kh8 20.Rf1 Bc8 21.Nh2 Bg7 22.f4 
exf4 23.Rxf4 Ng4 24.Rcf1 Rf8 25.Nf3 Bh6 26.Bd4+ f6 27.Rxf6 Nxf6 28.Qxh6 
Qg7 29.Qxg7+ Kxg7 30.e5 Nfd7 31.e6+ Kg8 32.exd7 Bxd7 33.Ng5 Rxf1+ 34.Kxf1 
a5 35.Bxc5 dxc5 36.N3e4 Rd8 37.Nxc5 Bc8 38.Nge4 Kf8 39.d6 Bf5 40.Nb7 Rb8 
41.Nec5 1-0

[Event "III Open A"]
[Site "Genova ITA"]
[Date "1999.08.16"]
[Round "11"]
[White "Grigore, George-Gabriel"]
[Black "Neiman, Emmanuel"]
[Result "1-0"]
[WhiteElo "2526"]
[BlackElo "2353"]
[PlyCount "69"]
[EventDate "1999.08.09"]

1.d4 Nf6 2.c4 e6 3.Nc3 Bb4 4.Qc2 O-O 5.a3 Bxc3+ 6.Qxc3 b6 7.g3 Bb7 8.Nf3 
d6 9.Bg2 Nbd7 10.O-O Qe7 11.b4 c5 12.Bb2 Rac8 13.Rfd1 Rfe8 14.Rac1 Be4 15.
dxc5 bxc5 16.Qd2 d5 17.cxd5 exd5 18.bxc5 Nxc5 19.Qb4 a5 20.Bxf6 gxf6 21.
Qb5 a4 22.Rc3 Nb3 23.Rxc8 Rxc8 24.Qxa4 Nc1 25.Rd2 Rc3 26.Qb4 Qc7 27.Nh4 
Rb3 28.Qa4 Nxe2+ 29.Kf1 Bd3 30.Rxd3 Rxd3 31.Kxe2 Qc3 32.Qe8+ Kg7 33.Nf5+ 
Kg6 34.Ne7+ Kg5 35.Qg8+ 1-0

[Event "III Open A"]
[Site "Genova ITA"]
[Date "1999.08.16"]
[Round "11"]
[White "Guido, Flavio"]
[Black "Basciu, Simone"]
[Result "1-0"]
[WhiteElo "2367"]
[BlackElo "2080"]
[PlyCount "125"]
[EventDate "1999.08.09"]

1.e4 c5 2.c3 Nf6 3.e5 Nd5 4.d4 cxd4 5.Nf3 e6 6.cxd4 b6 7.Bd3 Ba6 8.O-O 
Bxd3 9.Qxd3 Nc6 10.Nc3 Nxc3 11.bxc3 d5 12.exd6 Qxd6 13.Qe4 Qd5 14.Qxd5 
exd5 15.Re1+ Kd7 16.c4 f6 17.cxd5 Nb4 18.Rb1 Nxd5 19.Bd2 a6 20.a4 Bd6 21.
Kf1 Rac8 22.Rec1 Rxc1+ 23.Rxc1 Re8 24.g3 Re4 25.Re1 Rxe1+ 26.Nxe1 Kc6 27.
Ke2 b5 28.axb5+ axb5 29.Kd3 b4 30.Kc4 Nb6+ 31.Kb3 Kb5 32.Nc2 Nd5 33.h3 Be7
34.g4 Bd6 35.Ne3 Nxe3 36.fxe3 Be7 37.e4 Bd6 38.Be1 Be7 39.Bg3 Bf8 40.h4 h6
41.h5 Be7 42.Bb8 Bf8 43.e5 fxe5 44.Bxe5 Kc6 45.Kc4 Kd7 46.d5 Ke8 47.Bf4 
Kf7 48.Bd2 g6 49.Bxb4 Bg7 50.Bc3 Bf8 51.Kb5 gxh5 52.gxh5 Be7 53.Kc6 Bg5 
54.Be5 Bd2 55.Kb5 Bg5 56.Kc4 Ke7 57.Kd3 Kd7 58.Ke4 Ke7 59.Bf4 Bxf4 60.Kxf4
Kd6 61.Ke4 Ke7 62.Ke5 Kd7 63.Kf6 1-0

[Event "III Open A"]
[Site "Genova ITA"]
[Date "1999.08.16"]
[Round "11"]
[White "Jovanic, Ognjen"]
[Black "Bogza, Oana"]
[Result "1-0"]
[WhiteElo "2333"]
[BlackElo "2086"]
[PlyCount "79"]
[EventDate "1999.08.09"]

1.d4 g6 2.c4 Bg7 3.Nc3 c5 4.d5 Bxc3+ 5.bxc3 f5 6.Nf3 Qa5 7.Qb3 d6 8.g3 Nd7
9.Bg2 Nb6 10.Nd2 Nf6 11.O-O Bd7 12.e4 fxe4 13.Nxe4 Nxe4 14.Bxe4 O-O-O 15.
Bg5 Rde8 16.Bd3 Qa6 17.Qc2 e5 18.f4 e4 19.Bxe4 Qxc4 20.Rfe1 Nxd5 21.Bd3 
Qa4 22.Qd2 Bc6 23.f5 gxf5 24.Bxf5+ Kc7 25.Be6 Nb6 26.Rad1 Nc4 27.Qd3 b5 
28.Bf4 Kb6 29.Re2 Rd8 30.Bd5 Bxd5 31.Qxd5 Rhe8 32.Rxe8 Rxe8 33.Bxd6 Rc8 
34.Bf4 Qxa2 35.Qe4 a6 36.Qxh7 Ka5 37.Qb7 Nb6 38.Bc7 Rxc7 39.Qxc7 Qe2 40.
Ra1+ 1-0

[Event "III Open A"]
[Site "Genova ITA"]
[Date "1999.08.16"]
[Round "11"]
[White "Mateuta, Gabriel"]
[Black "Satta, Vladimiro"]
[Result "1-0"]
[WhiteElo "2398"]
[BlackElo "2212"]
[PlyCount "81"]
[EventDate "1999.08.09"]

1.Nf3 d6 2.d4 Bg4 3.Nbd2 Nd7 4.e4 c6 5.Bd3 e5 6.c3 Be7 7.h3 Bh5 8.Nf1 Qb6 
9.g4 Bg6 10.a4 a5 11.Ng3 exd4 12.cxd4 d5 13.exd5 Bb4+ 14.Kf1 cxd5 15.Bb5 
f6 16.Kg2 Ne7 17.Bd2 Bd6 18.Qb3 O-O 19.Rae1 Bf7 20.Nh4 g6 21.Qf3 Nc6 22.
Bc3 Qd8 23.Qd3 Qc7 24.Nf3 Rfe8 25.Rxe8+ Rxe8 26.Re1 Rxe1 27.Nxe1 Nf8 28.
Qf3 Kg7 29.Nd3 Na7 30.Bd2 Ne6 31.Bh6+ Kxh6 32.Qxf6 Bxg3 33.fxg3 Nxb5 34.h4
Qc2+ 35.Nf2 Qe2 36.axb5 Be8 37.g5+ Nxg5 38.hxg5+ Kh5 39.Qf8 Kxg5 40.Qf4+ 
Kh5 41.Qh4# 1-0

[Event "VIII Festival A"]
[Site "Montecatini Terme ITA"]
[Date "1999.07.31"]
[Round "1"]
[White "Baccaro, Franco"]
[Black "Sax, Gyula"]
[Result "0-1"]
[WhiteElo "2198"]
[BlackElo "2588"]
[PlyCount "58"]
[EventDate "1999.07.31"]

1.c4 Nf6 2.g3 e5 3.Bg2 d5 4.cxd5 Nxd5 5.Nc3 Nb6 6.Nf3 Nc6 7.O-O Be7 8.a3 
a5 9.d3 O-O 10.Be3 Bg4 11.h3 Bh5 12.Ne1 f5 13.f4 exf4 14.Bxf4 Bf7 15.Nc2 
Qd7 16.Kh2 Bf6 17.Qd2 Rad8 18.Rad1 Bb3 19.Qc1 Nd4 20.Rd2 Bxc2 21.Rxc2 Nxc2
22.Qxc2 Kh8 23.h4 c6 24.Na4 Nd5 25.Nc5 Qe7 26.Bd2 b6 27.Na4 Qxe2 28.Re1 
Qh5 29.Qxc6 f4 0-1

[Event "VIII Festival A"]
[Site "Montecatini Terme ITA"]
[Date "1999.07.31"]
[Round "1"]
[White "Bacholke, Michael"]
[Black "Belotti, Bruno"]
[Result "0-1"]
[WhiteElo "2155"]
[BlackElo "2423"]
[PlyCount "112"]
[EventDate "1999.07.31"]

1.e4 c5 2.Nf3 d6 3.d4 cxd4 4.Nxd4 Nf6 5.Nc3 a6 6.a4 e6 7.Be2 Qc7 8.O-O b6 
9.f4 Bb7 10.Bf3 Nc6 11.Nb3 Be7 12.Be3 O-O 13.Qe2 Rac8 14.Rad1 Nb4 15.Qf2 
Nd7 16.Rd2 Nc5 17.Nxc5 bxc5 18.Rfd1 f5 19.exf5 Rxf5 20.Ne4 d5 21.Ng3 Rxf4 
22.Bxf4 Qxf4 23.Re2 c4 24.Kh1 Bc5 25.Qe1 Rf8 26.Rxe6 Nxc2 27.Qe5 Nd4 28.
Bxd5 Bxd5 29.Qxd5 Nxe6 30.Qxe6+ Kh8 31.Qe4 h6 32.Qxf4 Rxf4 33.h3 Rd4 34.
Re1 Bb4 35.Rc1 g6 36.Ne2 Rd2 37.Rxc4 Rxb2 38.Nd4 a5 39.Rc2 Rb1+ 40.Kh2 Ra1
41.Rc6 Rxa4 42.Rxg6 Kh7 43.Ra6 Ra2 44.Kg3 Be1+ 45.Kh2 a4 46.Rc6 Rb2 47.Nc2
Bd2 48.g4 Bc1 49.h4 a3 50.Kh1 a2 51.Na1 Bf4 52.g5 h5 53.Ra6 Rb1+ 54.Kg2 
Rxa1 55.Ra4 Be5 56.Ra5 Kg6 0-1

[Event "VIII Festival A"]
[Site "Montecatini Terme ITA"]
[Date "1999.07.31"]
[Round "1"]
[White "Bracaglia, Carlo"]
[Black "Korsunsky, Yuri"]
[Result "0-1"]
[WhiteElo "2134"]
[BlackElo "2418"]
[PlyCount "68"]
[EventDate "1999.07.31"]

1.e4 d6 2.d4 Nf6 3.Nc3 g6 4.f4 Bg7 5.Nf3 c5 6.Bb5+ Bd7 7.e5 Ng4 8.Bxd7+ 
Qxd7 9.d5 dxe5 10.h3 e4 11.hxg4 exf3 12.Qxf3 Na6 13.Bd2 Nb4 14.O-O-O O-O-O
15.Be1 Bxc3 16.Bxc3 Nxa2+ 17.Kb1 Nxc3+ 18.Qxc3 Qd6 19.g5 Kb8 20.g3 f6 21.
gxf6 exf6 22.Qf3 Rde8 23.Rh6 f5 24.Qh1 Re7 25.Qf3 Rhe8 26.Qd3 Re3 27.Qxf5 
Re1 28.Qd3 c4 29.Qd2 c3 30.bxc3 R1e2 31.Qd4 R2e4 32.Qg7 Ra4 33.c4 Qa3 34.
Qb2 Rb4 0-1

[Event "VIII Festival A"]
[Site "Montecatini Terme ITA"]
[Date "1999.07.31"]
[Round "1"]
[White "Calzetta Ruiz, Monica"]
[Black "Sermek, Drazen"]
[Result "0-1"]
[WhiteElo "2194"]
[BlackElo "2545"]
[PlyCount "56"]
[EventDate "1999.07.31"]

1.e4 c5 2.Nf3 e6 3.d4 cxd4 4.Nxd4 Nf6 5.Nc3 Nc6 6.g3 Bb4 7.Bg2 Qb6 8.Ne2 
Ng4 9.O-O Bc5 10.Qe1 Nb4 11.Na4 Bxf2+ 12.Rxf2 Qxf2+ 13.Qxf2 Nxf2 14.Kxf2 
Nxc2 15.Rb1 Nb4 16.Nf4 d6 17.Bd2 Nc6 18.Nc3 Ke7 19.Rd1 Bd7 20.Nce2 f6 21.
Bc3 Rad8 22.Bh3 g5 23.Nd3 h5 24.b3 Rc8 25.Bb2 Rhd8 26.Ba3 Be8 27.Rd2 b5 
28.Kg1 a5 0-1

[Event "VIII Festival A"]
[Site "Montecatini Terme ITA"]
[Date "1999.07.31"]
[Round "1"]
[White "Castrogiovanni, Carlo"]
[Black "Sarno, Spartaco"]
[Result "0-1"]
[WhiteElo "2113"]
[BlackElo "2373"]
[PlyCount "86"]
[EventDate "1999.07.31"]

1.Nf3 Nf6 2.c4 g6 3.Nc3 d5 4.d4 Bg7 5.Bg5 Ne4 6.Bf4 Nxc3 7.bxc3 O-O 8.e3 
c5 9.cxd5 Qxd5 10.Be2 cxd4 11.cxd4 Qa5+ 12.Qd2 Qxd2+ 13.Nxd2 Nc6 14.O-O e5
15.dxe5 Nxe5 16.Rac1 Be6 17.Nc4 Nxc4 18.Bxc4 Bxc4 19.Rxc4 Rfc8 20.Rfc1 
Rxc4 21.Rxc4 b5 22.Rc5 a6 23.Kf1 Kf8 24.Ke2 Ke8 25.Be5 Bxe5 26.Rxe5+ Kd7 
27.Rc5 Kd6 28.Rc2 Re8 29.Kd3 Re5 30.Rc8 Rd5+ 31.Kc2 Rc5+ 32.Rxc5 Kxc5 33.
Kc3 a5 34.a3 Kd5 35.f3 f5 36.h4 h5 37.Kb3 Kd6 38.Kc3 Kc5 39.Kb3 b4 40.
axb4+ axb4 41.g3 Kb5 42.Kc2 Kc4 43.Kd2 b3 0-1

[Event "VIII Festival A"]
[Site "Montecatini Terme ITA"]
[Date "1999.07.31"]
[Round "1"]
[White "Citti, Gianluca"]
[Black "Quinn, Mark Peter"]
[Result "0-1"]
[WhiteElo "2123"]
[BlackElo "2377"]
[PlyCount "66"]
[EventDate "1999.07.31"]

1.e4 c5 2.Nc3 Nc6 3.g3 g6 4.Bg2 Bg7 5.d3 d6 6.Be3 e6 7.Qd2 Rb8 8.Nge2 Nd4 
9.O-O Ne7 10.Nc1 Qa5 11.f4 O-O 12.Qf2 f5 13.Nd1 fxe4 14.dxe4 e5 15.c3 Ndc6
16.Qd2 Qc7 17.Nf2 b5 18.Ne2 Be6 19.g4 exf4 20.Nxf4 Bf7 21.Nd5 Qd7 22.Bh6 
Ne5 23.Bxg7 Kxg7 24.Nf6 Qe6 25.g5 Ng8 26.Nh3 Nd7 27.Nf4 Qe7 28.Nxd7 Qxd7 
29.e5 Bc4 30.e6 Bxe6 31.Rfe1 Bg4 32.Re3 Rxf4 33.Re7+ Nxe7 0-1

[Event "VIII Festival A"]
[Site "Montecatini Terme ITA"]
[Date "1999.07.31"]
[Round "1"]
[White "Collareta, Giovanni"]
[Black "Badea, Bela"]
[Result "0-1"]
[WhiteElo "2163"]
[BlackElo "2479"]
[PlyCount "78"]
[EventDate "1999.07.31"]

1.c4 g6 2.g3 Bg7 3.Bg2 e5 4.Nc3 Ne7 5.d3 O-O 6.Rb1 c6 7.e4 d6 8.Nf3 a6 9.
O-O b5 10.a3 h6 11.cxb5 axb5 12.d4 exd4 13.Nxd4 Nd7 14.b3 Rb8 15.Bb2 Ne5 
16.Qd2 Qb6 17.Kh1 f5 18.Rbd1 fxe4 19.Nxe4 d5 20.Nc3 Kh7 21.f4 Ng4 22.h3 
Qxd4 23.Qxd4 Bxd4 24.Rxd4 Ne3 25.Rc1 N7f5 26.Rd3 Nxg3+ 27.Kh2 Nxg2 28.Nxd5
Nh5 29.Rxc6 Rf7 30.Be5 Bb7 31.Rb6 Ne1 32.Rc3 Rd8 33.Bc7 Rxd5 34.Rxb7 Rd3 
35.Rxd3 Nxd3 36.a4 bxa4 37.bxa4 Nc5 38.Ra7 Nxa4 39.Rxa4 Rxc7 0-1

[Event "VIII Festival A"]
[Site "Montecatini Terme ITA"]
[Date "1999.07.31"]
[Round "1"]
[White "De Poi, Paolo"]
[Black "Dervishi, Erald"]
[Result "1-0"]
[WhiteElo "2169"]
[BlackElo "2496"]
[PlyCount "117"]
[EventDate "1999.07.31"]

1.e4 e5 2.Nf3 Nc6 3.Bb5 a6 4.Bxc6 dxc6 5.O-O f6 6.d3 Bd6 7.Be3 Ne7 8.Nbd2 
c5 9.Nb3 b6 10.Nfd2 O-O 11.a4 Be6 12.a5 f5 13.exf5 Nxf5 14.Ne4 Be7 15.Nbd2
Nh4 16.Nc4 Ng6 17.Qe2 Kh8 18.Kh1 Rf5 19.Ng3 Rf7 20.f3 b5 21.Nd2 Qd5 22.c4 
bxc4 23.dxc4 Qc6 24.Nge4 Nf4 25.Bxf4 exf4 26.Rfe1 Bh4 27.g3 fxg3 28.hxg3 
Bf6 29.Nxc5 Bf5 30.Nde4 Bd4 31.Nb3 Qh6+ 32.Qh2 Qxh2+ 33.Kxh2 Bxb2 34.Rad1 
h6 35.Nbc5 Re7 36.Nd3 Bd4 37.Nf4 c5 38.Nd5 Rb7 39.Nb6 Bxe4 40.Rxe4 Rf8 41.
Rd3 Kg8 42.Kg2 Kf7 43.f4 Re8 44.Rxe8 Kxe8 45.Kf3 Ke7 46.Rb3 Kd6 47.Nc8+ 
Kc7 48.Rxb7+ Kxb7 49.Nd6+ Kc6 50.Ne4 g6 51.g4 Bb2 52.f5 gxf5 53.gxf5 Ba3 
54.Kg4 Bb4 55.f6 Kd7 56.Kh5 Bxa5 57.Nxc5+ Ke8 58.Kg6 Bb4 59.f7+ 1-0

[Event "VIII Festival A"]
[Site "Montecatini Terme ITA"]
[Date "1999.07.31"]
[Round "1"]
[White "De Santis, Alessio"]
[Black "Pulito, Alberto"]
[Result "1-0"]
[WhiteElo "2352"]
[BlackElo "2097"]
[PlyCount "55"]
[EventDate "1999.07.31"]

1.d4 d5 2.Nf3 c6 3.e3 Nf6 4.Be2 e6 5.Nbd2 Bd6 6.O-O Nbd7 7.c4 O-O 8.b3 Qe7
9.Qc2 e5 10.dxe5 Nxe5 11.Bb2 Bg4 12.c5 Bc7 13.h3 Bh5 14.g4 Bg6 15.Qc3 Nfd7
16.b4 f5 17.Nh2 Qh4 18.f4 Qxh3 19.Rf2 Rf7 20.Rg2 Re8 21.Rf1 Nxg4 22.Nxg4 
fxg4 23.Bxg4 Qxe3+ 24.Qxe3 Rxe3 25.f5 Bxf5 26.Bxf5 Nf6 27.Bc8 Bb8 28.Bxf6 
1-0

[Event "VIII Festival A"]
[Site "Montecatini Terme ITA"]
[Date "1999.07.31"]
[Round "1"]
[White "Efimov, Igor"]
[Black "Cecconi, Giovanni Alberto"]
[Result "1-0"]
[WhiteElo "2445"]
[BlackElo "2158"]
[PlyCount "87"]
[EventDate "1999.07.31"]

1.e4 g6 2.d4 Bg7 3.Nc3 c6 4.f4 d5 5.e5 h5 6.Nf3 Nh6 7.Be3 Bg4 8.Be2 e6 9.
Bf2 Bxf3 10.Bxf3 Nd7 11.g3 Qa5 12.Qd2 Bf8 13.h3 Bb4 14.Kf1 Nb6 15.Qd3 Bxc3
16.bxc3 Nf5 17.Kg2 Ne7 18.Rhb1 O-O-O 19.a4 Nc4 20.Rb4 Rd7 21.g4 hxg4 22.
hxg4 Qd8 23.Bg3 Qg8 24.Rxc4 dxc4 25.Qxc4 g5 26.Qc5 gxf4 27.Bxf4 Nd5 28.Bg3
Ne3+ 29.Kf2 Nxg4+ 30.Ke2 Qg5 31.d5 exd5 32.Qxa7 Nxe5 33.Rg1 Rh3 34.Bf2 
Qxg1 35.Bxg1 Nxf3 36.Bb6 Re7+ 37.Kf2 Ne5 38.Qa8+ Kd7 39.Qxb7+ Ke6 40.Qc8+ 
Nd7 41.Qxc6+ Ke5 42.Bd4+ Ke4 43.Qd6 Rf3+ 44.Ke2 1-0

[Event "VIII Festival A"]
[Site "Montecatini Terme ITA"]
[Date "1999.07.31"]
[Round "1"]
[White "Estremera Panos, Sergio"]
[Black "Murgia, Andrea"]
[Result "1-0"]
[WhiteElo "2387"]
[BlackElo "2125"]
[PlyCount "121"]
[EventDate "1999.07.31"]

1.d4 f5 2.g3 Nf6 3.Bg2 g6 4.Nf3 Bg7 5.O-O O-O 6.c4 d6 7.Nc3 c6 8.d5 Bd7 9.
Rb1 Na6 10.b4 Nc7 11.Bb2 Qe8 12.Qd2 h6 13.Rfe1 cxd5 14.cxd5 Qf7 15.Red1 g5
16.e3 Rac8 17.Rbc1 Qh5 18.Re1 Qf7 19.Nd4 Nfxd5 20.Nxd5 Nxd5 21.Nxf5 Bxf5 
22.Bxd5 e6 23.Bxg7 Qxg7 24.Bg2 Qd7 25.Qd4 b6 26.e4 e5 27.Qd2 Be6 28.a3 
Rxc1 29.Rxc1 Qf7 30.Rc6 Rd8 31.Rxd6 Rxd6 32.Qxd6 Qd7 33.Qxe5 Qd1+ 34.Bf1 
Bh3 35.Qb8+ Kg7 36.Qxa7+ Kh8 37.Qb8+ Kg7 38.Qc7+ Kh8 39.Qc3+ Kh7 40.Qd3 
Qa1 41.a4 g4 42.a5 bxa5 43.bxa5 Bxf1 44.Qxf1 Qxa5 45.Qd1 h5 46.Qd5 Qe1+ 
47.Kg2 Kh6 48.Qe6+ Kg5 49.Qf5+ Kh6 50.e5 Qa5 51.h4 Qd5+ 52.Kh2 Qf7 53.Qg5+
Kh7 54.Kg1 Qg6 55.Qe7+ Kh6 56.Qd6 Kh7 57.e6 Qb1+ 58.Kh2 Qe1 59.Qe7+ Kg8 
60.Qf7+ Kh8 61.Qxh5+ 1-0

[Event "VIII Festival A"]
[Site "Montecatini Terme ITA"]
[Date "1999.07.31"]
[Round "1"]
[White "Gaido, Paolo"]
[Black "Aleksic, Nenad"]
[Result "0-1"]
[WhiteElo "2154"]
[BlackElo "2421"]
[PlyCount "80"]
[EventDate "1999.07.31"]

1.Nf3 Nf6 2.c4 b6 3.d4 e6 4.g3 Bb7 5.Bg2 Be7 6.O-O O-O 7.Nc3 Na6 8.b3 d5 
9.Ne5 c6 10.Bb2 Rc8 11.Qd2 Nd7 12.Nxd7 Qxd7 13.e4 dxc4 14.bxc4 Bf6 15.Ne2 
Rfd8 16.f4 b5 17.cxb5 cxb5 18.Rac1 Nc5 19.Qe3 Na4 20.Ba1 b4 21.Rxc8 Rxc8 
22.Rc1 Ba6 23.e5 Bd8 24.Rxc8 Qxc8 25.Qc1 Bc4 26.Qc2 Nb6 27.Nc1 h6 28.Be4 
Qd7 29.Bd3 Bxd3 30.Nxd3 Nd5 31.Kf2 Bb6 32.Nc5 Qb5 33.f5 Bxc5 34.dxc5 Nc3 
35.Bxc3 Qxc5+ 36.Ke2 bxc3 37.fxe6 Qxe5+ 38.Kd1 Qd6+ 39.Ke2 Qxe6+ 40.Kf2 
Qc4 0-1

[Event "VIII Festival A"]
[Site "Montecatini Terme ITA"]
[Date "1999.07.31"]
[Round "1"]
[White "Klings, Peter"]
[Black "Capone, Vincenzo"]
[Result "0-1"]
[WhiteElo "2223"]
[BlackElo "2008"]
[PlyCount "74"]
[EventDate "1999.07.31"]

1.e4 e6 2.d4 d5 3.e5 c5 4.c3 Nc6 5.Nf3 Qb6 6.a3 Bd7 7.b4 cxd4 8.cxd4 Rc8 
9.Bb2 Na5 10.Nbd2 Nc4 11.Nxc4 dxc4 12.Rc1 Qa6 13.d5 exd5 14.Qxd5 Be6 15.
Qd4 b5 16.Ng5 Be7 17.Nxe6 Qxe6 18.Be2 a6 19.O-O Nh6 20.Bf3 O-O 21.Bd5 Qg6 
22.Qa7 Rfd8 23.Bb7 Rc7 24.Rfd1 Rcd7 25.Rxd7 Rxd7 26.g3 Ng4 27.Qxa6 Qh5 28.
h4 Nxf2 29.Rf1 Nh3+ 30.Kh2 Qe2+ 31.Kxh3 Qxf1+ 32.Bg2 Qf5+ 33.Kh2 Bxh4 34.
e6 Bxg3+ 35.Kxg3 Rd3+ 36.Kh4 Qf4+ 37.Kh5 g6# 0-1

[Event "VIII Festival A"]
[Site "Montecatini Terme ITA"]
[Date "1999.07.31"]
[Round "1"]
[White "Komarov, Dimitri"]
[Black "Marchini, Massimo"]
[Result "1-0"]
[WhiteElo "2582"]
[BlackElo "2198"]
[PlyCount "77"]
[EventDate "1999.07.31"]

1.d4 Nf6 2.c4 g6 3.Nc3 Bg7 4.e4 d6 5.Nf3 O-O 6.Be2 e5 7.Be3 Ng4 8.Bg5 f6 
9.Bc1 Na6 10.O-O Nh6 11.Rb1 c6 12.c5 exd4 13.Bxa6 bxa6 14.Nxd4 Kh8 15.Nxc6
Qe8 16.Bxh6 Bxh6 17.Qxd6 Bd7 18.Na5 f5 19.Rbd1 Be6 20.exf5 Bxf5 21.Rfe1 
Qb8 22.Re7 Bg5 23.Rb7 Qd8 24.Nc6 Qc8 25.Qc7 Qxc7 26.Rxc7 Rac8 27.Rxc8 Rxc8
28.Nd4 Rxc5 29.Nxf5 Rxf5 30.Rd5 Rxd5 31.Nxd5 Bd8 32.f4 Kg7 33.Kf2 Kf7 34.
Ke3 Ke6 35.Ke4 h5 36.Nb4 Bf6 37.b3 Be7 38.Nxa6 Kd7 39.Kd5 1-0

[Event "VIII Festival A"]
[Site "Montecatini Terme ITA"]
[Date "1999.07.31"]
[Round "1"]
[White "Lonborg, Morten"]
[Black "Arlandi, Ennio"]
[Result "0-1"]
[WhiteElo "2159"]
[BlackElo "2465"]
[PlyCount "64"]
[EventDate "1999.07.31"]

1.e4 c5 2.Nf3 e6 3.d4 cxd4 4.Nxd4 Nf6 5.Nc3 d6 6.g4 h6 7.Rg1 Be7 8.h4 d5 
9.Bb5+ Kf8 10.e5 Nfd7 11.Qe2 Bxh4 12.Bd2 a6 13.Bxd7 Bxd7 14.O-O-O Nc6 15.
Nb3 Be7 16.f4 Qc7 17.Rde1 b5 18.Qg2 b4 19.Ne2 a5 20.Nbd4 Nxd4 21.Nxd4 Qc4 
22.g5 Qxd4 23.gxh6 g6 24.f5 exf5 25.Bg5 Be6 26.Kb1 Rc8 27.Rh1 Rh7 28.Bxe7+
Kxe7 29.Qg5+ Kd7 30.Rh2 Qc4 31.Qe3 d4 32.Qf3 Qxa2+ 0-1